000 01014cam a2200229 4500
001 ABS67215
008 031113n2003 000 0 eng u
035 _a(Sirsi) u124308
100 _aDixon, G.
245 4 _aThe Be Collaborative Contract
260 _c2003
490 _aConstruction News
_v(6840) 30 October 2003, 38-39(2)
520 _aReviews the new Be Collaborative Contract (BCC) which has been designed to encourage collaborative working and proper management of risk. The BCC is written so that it can be used by everyone on a construction project. However, certain clauses do not apply when the contract involves the appointment of a consultant and some clauses only apply when the contract is used as a sub-contract.
590 _aABS
650 _aRISK MANAGEMENT
650 _aCOLLABORATION
650 _aBUILT ENVIRONMENT-BUILDING CONTRACT FORMS
650 _aBE COLLABORATIVE CONTRACT
650 _aSUBCONTRACTS
690 _aBUILT ENVIRONMENT-BUILDING CONTRACT FORMS
942 _n0
999 _c73784
_d73784